000 00969nam a2200265 a 4500
003 CO-ViMGA
005 20230915232207.0
008 070426s2007 ck a ar 00010 spa d
020 _a978958302576-1
040 _aCO-ViMGA
_bspa
_cCO-ViMGA
041 1 _heng
082 0 4 _aI372.21
_bN69c
_221
100 1 _aNovick, Mary.
_9874
245 1 0 _aColores y formas /
_cMary Novick y Sybel Harlin ; traducción Adryana Pérez de la Espriella.
260 3 _aBogotá :
_bPanamericana Editorial,
_c2007.
300 _a[16] p. :
_bil. ;
_c25 cm.
534 _pTítulo original :
_tDouble delight : colour and shape.
650 1 4 _aColores
_x Enseñanza preescolar.
_91929
650 6 _aFormas (Matemáticas)
_x Enseñanza preescolar.
_91930
650 6 _aFormas geométricas
_x Enseñanza preescolar.
_91931
650 6 _aLibros ilustrados para niños.
_987
700 1 _aHarlin, Sybel.
_91271
700 1 _aPérez de la Espriella, Adryana,
_etr.
_91932
942 _2ddc
_cBK
999 _c33641
_d33641